[Event "4NCL/Div3/AMCAH vs. HAL"]
[Site "Daventry ENG"]
[Date "2009.05.03"]
[Round "10.6"]
[White "Pitt, Christopher"]
[Black "Coates, Christine"]
[Result "0-1"]
[WhiteElo "1780"]
[BlackElo "1490"]
[PlyCount "86"]
[EventDate "2009.05.03"]
[SourceDate "2008.10.04"]

1. e4 d5 2. exd5 Qxd5 3. Nc3 Qd6 4. d4 Nf6 5. Nf3 c6 6. Be2 Bf5 7. Ne5 e6 8.
Bf4 Qd8 9. O-O Nbd7 10. Nc4 Nb6 11. Ne5 Nbd5 12. Bg3 Be7 13. Bd3 Bxd3 14. Qxd3
O-O 15. a3 Qe8 16. f4 Rd8 17. Ne4 Nxe4 18. Qxe4 f5 19. Qe2 Nf6 20. Bf2 Ne4 21.
Rfe1 Bf6 22. Nf3 Rf7 23. Rad1 Rfd7 24. c3 a6 25. Bh4 Bxh4 26. Nxh4 c5 27. dxc5
Nxc5 28. Rxd7 Qxd7 29. Nxf5 exf5 30. Qc4+ Qd5 31. Qxd5+ Rxd5 32. Re8+ Kf7 33.
Rc8 Ne6 34. c4 Rd7 35. c5 Rc7 36. Rxc7+ Nxc7 37. Kf2 Ke6 38. Ke3 Kd5 39. b4 Nb5
40. a4 Nc3 41. b5 axb5 42. axb5 Kxc5 43. b6 Nd5+ 0-1